00369nam a2200145Ia 4500008004100000020001800041082001700059100001400076245005500090250000600145260002200151300001500173500002500188650001000213230524s9999 xx 000 0 und d a9788173199820 a620.106bPAT aK.C.Patra 0aEngineering Fluid Mechanics and Hydraulic Machines a1 aNew DelhibNarosa a"XV,562p;" aQuantity Number: 20 aCivil